000 00613nam a22001577a 4500
003 macl
005 20221021160104.0
008 221021b |||||||| |||| 00| 0 eng d
040 _cmacl
082 _a800/DEE
100 _aविनायक वासुदेव नेने
_981480
245 _aपंडित दीनदयाल उपाध्‍याय विचार दर्शन खण्‍ड 2 एकात्‍म मानव दर्शन
260 _aदिल्‍ली
_bसुरूचि प्रकाशन
_c1986
650 _aरचनावली
_9163
942 _2ddc
_cHIN
999 _c65492
_d65492